书目信息 |
| 题名: |
房地产产权产籍管理
|
|
| 作者: | 谭峻 编著 | |
| 分册: | ||
| 出版信息: | 北京 中国人民大学出版社 2002 |
|
| 页数: | 251页 | |
| 开本: | 23cm | |
| 丛书名: | ||
| 单 册: | ||
| 中图分类: | F293.33 | |
| 科图分类: | ||
| 主题词: | 房地产--产权--管理--中国--高等学校--教材 , 房地产 , 产权 | |
| 电子资源: | ||
| ISBN: | 7-300-04017-9 | |
| 000 | 00786nam0 2200265 450 | |
| 000 | 00792nam0 2200265 450 | |
| 000 | 00722nam0 2200241 450 | |
| 000 | 00686nam0 2200229 45 | |
| 005 | 20070610102805.98 | |
| 010 | @a7-300-04017-9@dCNY19.00 | |
| 100 | @a20070608d2002 em y0chiy0120 ea | |
| 101 | 0 | @achi |
| 102 | @aCN@b110000 | |
| 105 | @ay z 000yy | |
| 200 | 1 | @a房地产产权产籍管理@AFang Di Chan Chan Quan Chan Ji Guan Li@f谭峻编著@FTan Jun Bian Zhu |
| 210 | @a北京@c中国人民大学出版社@d2002 | |
| 215 | @a251页@d23cm | |
| 300 | @a21世纪房地产系列教材 | |
| 606 | 0 | @a房地产@x产权@x管理@y中国@x高等学校@j教材 |
| 606 | 0 | @a房地产 |
| 606 | 0 | @a产权 |
| 690 | @aF293.33@v4 | |
| 701 | 0 | @a谭峻@ATan Jun@4编著 |
| 801 | 0 | @aCN@bTAOJIN@c20070610 |
| 905 | @a10447@dF293.33@e575 | |
| 房地产产权产籍管理/谭峻编著.-北京:中国人民大学出版社,2002 |
| 251页;23cm |
| 21世纪房地产系列教材 |
| ISBN 7-300-04017-9:CNY19.00 |
| ● |
| 相关链接 |
|
|
|
|
正题名:房地产产权产籍管理
索取号:F293.33/575
 
预约/预借
| 序号 | 登录号 | 条形码 | 馆藏地/架位号 | 状态 | 备注 |
| 1 | 0527742 | 205277421 | 第一样本阅览室/ [索取号:F293.33/575] | 在馆 | |
| 2 | 0527743 | 205277430 | 第一借阅区/ [索取号:F293.33/575] | 在馆 | |
| 3 | 0527744 | 205277449 | 密集书库/ [索取号:F293.33/575] | 在馆 | |
| 4 | 0527745 | 205277458 | 第一借阅区/ [索取号:F293.33/575] | 在馆 | |
| 5 | 0527746 | 205277467 | 密集书库/ [索取号:F293.33/575] | 在馆 | |
| 6 | 0527747 | 205277476 | 密集书库/ [索取号:F293.33/575] | 在馆 | |
| 7 | 0527748 | 205277485 | 第一借阅区/ [索取号:F293.33/575] | 在馆 | |
| 8 | 0527749 | 205277494 | 第一借阅区/ [索取号:F293.33/575] | 在馆 |